header

Circular dichroism (Record no. 177731)

MARC details
000 -LEADER
fixed length control field 01407nam a2200361Ia 4500
082 04 - DEWEY DECIMAL CLASSIFICATION NUMBER
Classification number 541.7
245 00 - TITLE STATEMENT
Title Circular dichroism
260 ## - PUBLICATION, DISTRIBUTION, ETC. (IMPRINT)
Place of publication New York :
Name of publisher Nova Science Publishers,
Year of publication c2012.
300 ## - PHYSICAL DESCRIPTION
Number of Pages xi, 500 p. :
Other physical details ill. (some col.)
490 1# - SERIES STATEMENT
Series statement Biochemistry research trends
650 #0 - SUBJECT ADDED ENTRY--TOPICAL TERM
Topical Term Circular dichroism.
Topical Term DNA-binding proteins.
700 1# - ADDED ENTRY--PERSONAL NAME
Personal name Rodgers, David S.
856 40 - ELECTRONIC LOCATION AND ACCESS
Uniform Resource Identifier http://site.ebrary.com/lib/rucke/Doc?id=10659179

No items available.

© 2026 Rongo University
Contact us: librarian | system librarian | Rongo university